| 000 | 01139naa a22002777a 4500 | ||
|---|---|---|---|
| 001 | BR8003831 | ||
| 003 | BR-BrBNA | ||
| 005 | 20250716093632.0 | ||
| 007 | ta | ||
| 008 | 250630b bl.|||m| |||| 00| 0 por d | ||
| 040 |
_aBR-BrBNA _bpor _cBiblioteca Nacional de Agricultura |
||
| 041 | _a(Pt) | ||
| 072 |
_aF25; F23 _b3830 _bG514 |
||
| 090 | _aF25 BR8003831 | ||
| 100 | 1 | _aBarbosa, D.A. | |
| 245 | 1 | _aProducao de acido fosforico - Mecanismo e discussao vis-a-vis sua producao a partir de rochas igneas brasileiras [Fertilizante fosfatado; Industrializacao; Classificacao do solo; Brasil] | |
| 500 | _aTecnologia de fertilizantes fosfatados Sao Paulo, SP (Brasil): 1980. p. 95-122 [7 illus.; 16 ref.] (BR8003831-AMS) | ||
| 773 | 0 |
_tTecnologia de fertilizantes fosfatados _wF25 BR8003831 _gSao Paulo, SP (Brasil), 1980. p. 95-122 |
|
| 650 | _aFERTILIZANTE FOSFATADO | ||
| 650 | _aINDUSTRIALIZACAO | ||
| 650 | _aMINERALOGIA | ||
| 650 | _aROCHA | ||
| 490 |
_aPublicacoes Especiais - Instituto de Pesquisas Tecnologicas do Estado de Sao Paulo S.A. (Brazil) _vno. 9 |
||
| 942 |
_cAMS _2AGRIS |
||
| 909 |
_a202506 _bLúcia _c55 _dLúcia Elande |
||
| 999 |
_c333557 _d333557 |
||